| 000 | 01067nam a22003377a 4500 | ||
|---|---|---|---|
| 001 | BR0700810 | ||
| 003 | BR-BrBNA | ||
| 005 | 20230928102341.0 | ||
| 007 | ta | ||
| 008 | 230509b bl.||||| |||| 00| 0 por d | ||
| 040 |
_aBR-BrBNA _bpor _cBiblioteca Nacional de Agricultura |
||
| 041 | _a(Por) | ||
| 072 |
_aL01; L10; L53 _b5217 |
||
| 090 | _ 5217 BR0700810 | ||
| 100 | 1 | _aRamos, A. de A.(ed.) | |
| 110 | 1 |
_aUniversidade Estadual Paulista Júlio de Mesquita Filho, Botucatu, SP (Brasil). Faculdade de Medicina Veterinária e Zootecnia _910691 |
|
| 245 | 1 | _aContribuição ao estudo dos bubalinos, período 1972-2001; resumos de pesquisas | |
| 260 | 3 |
_aBotucatu, SP (Brasil): _c2002. |
|
| 300 | _a318 p. | ||
| 500 | _a28 tables | ||
| 650 | _aBÚFALO | ||
| 650 | _aPESQUISA PECUÁRIA | ||
| 650 | _aBIOLOGIA ANIMAL | ||
| 650 | _aPRODUÇÃO ANIMAL | ||
| 650 | _aMELHORAMENTO GENÉTICO ANIMAL | ||
| 650 | _aNUTRIÇÃO ANIMAL | ||
| 650 | _aREPRODUÇÃO ANIMAL | ||
| 650 | _aBIOQUÍMICA ANIMAL | ||
| 909 |
_a202309 _bLucia _c55 _dLucia Elande |
||
| 942 | _cBK | ||
| 999 |
_c70331 _d70331 |
||